| 000 | 00642nam a2200229 i 4500 | ||
|---|---|---|---|
| 001 | bgj | ||
| 100 | 1 |
_aELIADE, Mircea _d(1907-1986) |
|
| 245 | 1 | 0 |
_aDas Heiliege und das Profane : _bVom Wesen des Religiösen / _cMircea Eliade. |
| 260 |
_aHamburg : _bRowohlt, _c1957. |
||
| 300 |
_a154 S. ; _c19 cm. |
||
| 490 | 1 | _aRowohlts Deutsche Enzyklopädie | |
| 504 | _aBibliographie S. 139-144. | ||
| 505 | _aRegister. | ||
| 650 | 9 | _aReligion | |
| 650 | 9 | _aDas |Heilige | |
| 650 | 9 | _aDas |Profane | |
| 830 | _aRowohlts Deutsche Enzyklopädie | ||
| 040 | _cBPK | ||
| 041 | 0 | _ager | |
| 942 | _cKS | ||
| 008 | s gw f |000 0 ger | ||
| 999 |
_c50650 _d50650 |
||
| 856 |
_uhttp://koha.tu.koszalin.pl/cgi-bin/koha/opac-detail.pl?biblionumber=50650 _yKatalog online BPK |
||